000 00348nam a22001217a 4500
082 _a200 THE
100 _aUmer Irfan
_970260
245 _aTH-SOF-1130-VOICE MORPHING AND AUDIO SOUND PROCESSING
260 _aIslamabad
_b2015
650 _a MS-ELECT-71 MSTHESIS
700 _aSupervison DR MOHAMMAD SALMAN & DR. SHOAB A KHAN
_970261
942 _cCF
999 _c577261
_d577261